Statistics for Normal Type Pokemon

Click here to take the quiz!

General Stats

  • This quiz has been taken 877 times
    (740 since last reset)
  • The average score is 61 of 97

Answer Stats

Secondary Type Pokemon % Correct
FlyingPidgey
97%
FlyingPidgeot
96%
FlyingPidgeotto
96%
FlyingSpearow
92%
FlyingFearow
91%
NoneRaticate
89%
NoneRattata
89%
FairyWigglytuff
88%
FairyJigglypuff
88%
FlyingHoothoot
81%
FlyingNoctowl
79%
FlyingStarly
79%
NoneChansey
78%
FlyingStaraptor
78%
NoneFurret
78%
NoneSentret
77%
FlyingStaravia
77%
FlyingTaillow
77%
NoneTauros
77%
FlyingSwellow
77%
NoneSnorlax
76%
NoneEevee
76%
FairyIgglybuff
75%
FlyingFarfetch'd
75%
FlyingDoduo
74%
FlyingDodrio
74%
None / Same as plateArceus
74%
NoneZigzagoon
74%
NoneBlissey
73%
NoneLinoone
71%
NoneKangaskhan
70%
NoneBidoof
70%
NonePersian
70%
NoneMeowth
69%
NoneMiltank
68%
NonePorygon
68%
FlyingPidove
68%
WaterBibarel
67%
NoneMunchlax
66%
NoneDitto
66%
NoneHappiny
64%
PsychicGirafarig
64%
FlyingUnfezant
64%
NoneSlaking
62%
NonePorygon2
62%
NoneStantler
61%
NonePorygonZ
60%
FirePyroar
60%
FlyingTranquill
60%
ElectricHelioptile
59%
FireLitleo
59%
NoneLickitung
59%
FlyingFletchling
59%
NoneSlakoth
59%
NoneVigoroth
59%
ElectricHeliolisk
58%
NoneWatchog
57%
FairyAzurill
57%
NonePatrat
56%
NoneSkitty
55%
NoneDelcatty
54%
NoneLillipup
54%
NoneHerdier
54%
NoneStoutland
54%
Psychic / FightingMeloetta
54%
NoneSmeargle
54%
NoneBunnelby
52%
NoneUrsaring
52%
GroundDiggersby
52%
NoneTeddiursa
51%
GrassDeerling
51%
NoneRegigigas
51%
FlyingChatot
51%
NoneLickilicky
51%
GrassSawsbuck
50%
NoneExploud
50%
NoneLoudred
50%
NoneWhismur
49%
FlyingSwablu
49%
NoneZangoose
48%
FlyingBraviary
48%
NoneDunsparce
47%
NoneAipom
47%
NoneBuneary
47%
FlyingRufflet
47%
NoneLopunny
46%
NoneAmbipom
45%
NoneGlameow
45%
NonePurugly
45%
NoneSpinda
42%
NoneCastform
41%
NoneKecleon
41%
NoneAudino
39%
NoneBouffalant
39%
NoneFurfrou
38%
NoneMinccino
36%
NoneCinccino
35%

Score Distribution

Percentile by Number Answered

Percent of People with Each Score

Your Score History

You have not taken this quiz since the last reset